English Bundesliga Players - Statistics

General Stats
  • This quiz has been taken 79 times
  • The average score is 3 of 14
Answer Stats
Club Years Answer % Correct
Borrusia Dortmund 2017- Jadon Sancho
86%
Hamburger SV 1977-80 Kevin Keegan
51%
Bayern Munich 2000-07 Owen Hargreaves
36%
Borrusia Moenchengladbach 2017-18 Reece Oxford
22%
1899 Hoffenheim 2018- Reiss Nelson
18%
RB Liepzig 2017-18 Ademola Lookman
16%
FC Koln 1979-82,1986-88 Tony Woodcock
16%
SC Freiburg 2017-18 Ryan Kent
8%
Hamburger SV 2011-14 Michael Mancienne
7%
VfL Wofsburg 2017-18 Kaylen Hinds
5%
Borussia Moenchengladbach 2017-18 Mandela Egbo
4%
Werder Bremen 1979-80 Dave Watson
3%
Hertha BSC 1990-91 Mark Farrington
1%
Hanover 96,Eintracht Frankfurt,Arminia Bielefeld 1987-90,1996-97 Peter Hobday
1%
No matching quizzes found
Score Distribution
Percent of People with Each Score
Percentile by Number Answered
Your Score History
You have not taken this quiz